1857 in Bihar : (Record no. 129959)
[ view plain ]
| 000 -LEADER | |
|---|---|
| fixed length control field | 00712nam a22002297a 4500 |
| 005 - DATE AND TIME OF LATEST TRANSACTION | |
| control field | 20170124110105.0 |
| 010 ## - LIBRARY OF CONGRESS CONTROL NUMBER | |
| LC control number | 153288 |
| 020 ## - INTERNATIONAL STANDARD BOOK NUMBER | |
| Terms of availability | 02.25 |
| 035 ## - SYSTEM CONTROL NUMBER | |
| System control number | 153288 |
| 037 ## - SOURCE OF ACQUISITION | |
| Source of stock number/acquisition | Cen Lib/Ret |
| 040 ## - CATALOGING SOURCE | |
| Original cataloging agency | DPL |
| Language of cataloging | EN |
| 082 ## - DEWEY DECIMAL CLASSIFICATION NUMBER | |
| Classification number | 954.083 |
| Item number | CHO |
| 100 ## - MAIN ENTRY--PERSONAL NAME | |
| Personal name | Choudhury, P.C.Roy |
| 9 (RLIN) | 27900 |
| 245 ## - TITLE STATEMENT | |
| Title | 1857 in Bihar : |
| Statement of responsibility, etc | by P.C.Roy Choudhury |
| Remainder of title | Chotanagpur and Santhal Parganas / |
| 250 ## - EDITION STATEMENT | |
| Edition statement | 2nd ed |
| 260 ## - PUBLICATION, DISTRIBUTION, ETC. (IMPRINT) | |
| Name of publisher, distributor, etc | Gazetteers' Revision Branch, Revenue Department |
| Place of publication, distribution, etc | Patna |
| Date of publication, distribution, etc | 1959 |
| 300 ## - PHYSICAL DESCRIPTION | |
| Extent | iii,147p. |
| Dimensions | 23cm(Hb) |
| 500 ## - GENERAL NOTE | |
| General note | Includes index |
| 650 ## - SUBJECT ADDED ENTRY--TOPICAL TERM | |
| Topical term or geographic name as entry element | India -- History -- Sepoy Rebellion, 1857-1858 |
| 9 (RLIN) | 27901 |
| 650 ## - SUBJECT ADDED ENTRY--TOPICAL TERM | |
| Topical term or geographic name as entry element | Bihar (India) -- History |
| 9 (RLIN) | 27902 |
| 942 ## - ADDED ENTRY ELEMENTS (KOHA) | |
| Source of classification or shelving scheme | Dewey Decimal Classification |
| Koha item type | English Books |
| Classification part | 954.083 |
| Call number suffix | ROY |
| Withdrawn status | Lost status | Damaged status | Not for loan | Home library | Current library | Date acquired | Source of acquisition | Cost, normal purchase price | Total Checkouts | Full call number | Barcode | Date last seen | Copy number | Cost, replacement price | Price effective from | Koha item type | Public note |
|---|---|---|---|---|---|---|---|---|---|---|---|---|---|---|---|---|---|
| Written off | Central Library | Central Library | 08/07/2015 | Cen Lib/Ret | 2.25 | 954.083 CHO | 153288 | 08/07/2015 | 1 | 2.25 | 08/07/2015 | English Books | Written off on approval by DLB (By Circulation); dtd 15-06-2023 |
